Vliv přímých zahraničních investic na zemědělskou půdu v České republice

Vplyv priamych zahraničných investícií na úbytok poľnohospodárskej pôdy v Českej republike. Korelačná analýza a jej výsledky.

Salvato in:
Dettagli Bibliografici
Autore principale: Škrabal, Jaroslav
Natura: Capitolo di libro
Lingua:ceco
Soggetti:
Tags: Aggiungi Tag
Nessun Tag, puoi essere il primo ad aggiungerne!!

MARC

LEADER 00000naa$a2200000$$$4500
001 0260197
005 20191209090426.2
041 0 |a cze 
044 |a CZ 
245 1 0 |a Vliv přímých zahraničních investic na zemědělskou půdu v České republice  |c Jaroslav Škrabal 
520 |a Vplyv priamych zahraničných investícií na úbytok poľnohospodárskej pôdy v Českej republike. Korelačná analýza a jej výsledky. 
610 2 0 |a poľnohospodárstvo 
610 2 0 |a investície zahraničné 
610 2 0 |a pôda poľnohospodárska 
610 2 0 |a korelácia 
610 2 0 |a analýza korelačná 
610 2 0 |a Česko 
100 1 |a Škrabal, Jaroslav